000
00254nam a22001097a 4500
005
20251008141052.0
008
251008b |||||||| |||| 00| 0 eng d
040
_c
PK-LaNCA
082
_a
915.2191
_b
KAT
245
_a
Katsura: imperial villa
942
_c
BK
999
_c
66889
_d
66889